书目信息 |
| 题名: |
住区
|
|
| 作者: | 庄惟敏 主编 ;清华大学 , 中国建筑工业出版社 主编 | |
| 分册: | 01/2009(总第35期) | |
| 出版信息: | 北京 中国建筑工业出版社 2009.02 |
|
| 页数: | 116页 | |
| 开本: | 30cm | |
| 丛书名: | ||
| 单 册: | ||
| 中图分类: | TU241 | |
| 科图分类: | ||
| 主题词: | 住宅--zhu zhai--建筑设计 | |
| 电子资源: | ||
| ISBN: | 978-7-112-10662-2 | |
| 000 | 01007nam0 2200265 450 | |
| 001 | 012009027859 | |
| 005 | 20091011103631.46 | |
| 010 | @a978-7-112-10662-2@dCNY36.00 | |
| 100 | @a20091011d2009 em y0chiy0120 ea | |
| 101 | 0 | @achi |
| 102 | @aCN@b110000 | |
| 105 | @aa z 000yy | |
| 106 | @ar | |
| 200 | 1 | @a住区@Azhu qu@h01/2009(总第35期)@f《住宅》编委会编@F《zhu zhai》bian wei hui bian |
| 210 | @a北京@c中国建筑工业出版社@d2009.02 | |
| 215 | @a116页@c图@d30cm | |
| 314 | @a书中题 : 庄惟敏主编 | |
| 330 | @a本书包括:主题报道、建筑规划实例、地产项目、获奖项目、大师与住宅、国外住宅研究、住宅名作鉴赏、政策法规、住宅金融、住宅部品、住宅新材质、传统聚落、住宅内环境、简讯等。 | |
| 606 | 0 | @a住宅@Azhu zhai@x建筑设计 |
| 690 | @aTU241@v4 | |
| 701 | 0 | @a庄惟敏@Azhuang wei min@4主编 |
| 712 | 02 | @a清华大学@Aqing hua da xue@b建筑设计研究院@4主编 |
| 712 | 02 | @a中国建筑工业出版社@Azhong guo jian zhu gong ye chu ban she@4主编 |
| 801 | 0 | @aCN@bQSSK@c20091011 |
| 905 | @b761768-72@dTU241@eZ930:35@f5 | |
| 住区.01/2009(总第35期)/《住宅》编委会编.-北京:中国建筑工业出版社,2009.02 |
| 116页:图;30cm |
| ISBN 978-7-112-10662-2:CNY36.00 |
| 本书包括:主题报道、建筑规划实例、地产项目、获奖项目、大师与住宅、国外住宅研究、住宅名作鉴赏、政策法规、住宅金融、住宅部品、住宅新材质、传统聚落、住宅内环境、简讯等。 |
| ● |
| 相关链接 |
|
|
|
正题名:住区
索取号:TU241/Z930:35
 
预约/预借
| 序号 | 登录号 | 条形码 | 馆藏地/架位号 | 状态 | 备注 |
| 1 | 761768 | 207617685 | 建筑与城市规划学院资料室/101建筑库 31排4列3层/ [索取号:TU241/Z930:35] | 在馆 | |
| 2 | 761769 | 207617694 | 建筑与城市规划学院资料室/101建筑库 31排4列3层/ [索取号:TU241/Z930:35] | 在馆 | |
| 3 | 761770 | 207617701 | 建筑库101/101建筑库 59排4列4层/ [索取号:TU241/Z930:35] | 在馆 | |
| 4 | 761771 | 207617710 | 建筑库101/101建筑库 59排4列5层/ [索取号:TU241/Z930:35] | 在馆 | |
| 5 | 761772 | 207617729 | 建筑与城市规划学院资料室/101建筑库 31排4列3层/ [索取号:TU241/Z930:35] | 在馆 |